000
00331nam a2200145Ia 4500
008
150201s2014 xx 000 0 und d
082
_a
610.3
_b
N14P
100
_a
PANDA, U.N.
245
_a
JAYPEE'S NURSES DICTONARY
250
_a
4TH
260
_b
JAYPEE
_a
DELHI
_c
2014
300
_a
822
650
_a
DICTIONARY
942
_2
ddc
_c
BK
999
_c
2445
_d
2445